Letters to God /

Eight-year-old Tyler is armed with strong faith and courage as he faces a battle against cancer. His prayers take the form of letters he sends to his ultimate pen pal, God, on a daily basis. These letters find their way into the hands of Tyler's postman, Brady, who is at a crossroads in his lif...

Full description

Bibliographic Details
Corporate Authors: Vivendi Entertainment (Firm), Possibility Pictures (Firm), DNP Studios (Frim), Vertical Innovations (Firm)
Other Authors: Nixon, David, Jr, Doughtie, Patrick, D'Alessandro, Art, Thrift, Sandra, Douglas, Cullen, Dawson, Cameron Kim, Waite, Ralph, 1928-2014, Lively, Robyn, 1972-, Maguire, Tanner, Johnson, Jeffrey S.S, Cheatham, Maree, Bolten, Michael Christopher, Madison, Bailee, 1999-
Format: Video DVD
Language:English
Language Notes:English dialogue with optional English subtitles; closed-captioned.
Published: Universal City, Calif. : Vivendi Entertainment, [2010]
Subjects:

MARC

Tag First Indicator Second Indicator Subfields
LEADER 00000cgm a2200000Ia 4500
001 in00002641925
005 20181030100023.0
007 vd cvaizu
008 100601s2010 cau114 g vleng d
019 |a 670935779 
020 |a 9783476027661 
024 1 |a 883476027661 
028 4 2 |a PP2766  |b Vivendi Entertainment 
035 |a (OCoLC)ocn635610495 
035 |a (OCoLC)635610495  |z (OCoLC)670935779 
037 |b Midwest Tape  |n http://www.midwesttapes.com 
040 |a TEFMT  |c TEFMT  |d TEFMT  |d TEF  |d BKX  |d TEF  |d WHP  |d EYP  |d UPZ  |d BLV  |d PZT  |d BTCTA  |d KPLCP  |d UtOrBLW 
041 0 |a eng  |j eng 
049 |a TXAM 
050 4 |a PN1997.2  |b .L48 2010 
082 0 4 |a 791.43/72  |2 22 
090 |a PN1997.2  |b .L47 2010 
245 0 0 |a Letters to God /  |c Vivendi Entertainment presents a Possibility Pictures release in association with DNP Studios and Vertical Innovations, a David Nixon film ; written by Patrick Doughtie, Art D'Alessandro, Sandra Thrift, Cullen Douglas ; produced by Cameron Kim Dawson, David Nixon ; directed by David Nixon. 
264 1 |a Universal City, Calif. :  |b Vivendi Entertainment,  |c [2010] 
264 4 |c ©2010 
300 |a 1 videodisc (114 min.) :  |b sound, color ;  |c 4 3/4 in. 
336 |a two-dimensional moving image  |b tdi  |2 rdacontent 
337 |a video  |b v  |2 rdamedia 
338 |a videodisc  |b vd  |2 rdacarrier 
538 |a DVD, region 1, widescreen presentation; Dolby Digital 5.1. 
546 |a English dialogue with optional English subtitles; closed-captioned. 
511 1 |a Ralph Waite, Robyn Lively, Tanner Maguire, Jeffrey S.S. Johnson, Maree Cheatham, Michael Christopher Bolten, Bailee Madison. 
521 8 |a MPAA rating: PG; for thematic material. 
520 |a Eight-year-old Tyler is armed with strong faith and courage as he faces a battle against cancer. His prayers take the form of letters he sends to his ultimate pen pal, God, on a daily basis. These letters find their way into the hands of Tyler's postman, Brady, who is at a crossroads in his life, and is searching for meaning. Brady is at first is confused over what to do, but his decision ultimately is a testament to the power of Tyler's shining spirit, bravery, and grace. 
586 |a Parents Television Council Seal of Approval. 
500 |a Special features: Commentary with director David Nixon and writer/co-director Patrick Doughtie ; Behind the scenes featurette ; Theatrical trailer. 
508 |a Edited by Patrick Tyler ; music by Colin O'Malley. 
500 |a Videorecording. 
650 0 |a Cancer  |x Patients  |v Drama. 
650 0 |a Cancer in children  |v Drama. 
650 0 |a Letter carriers  |v Drama. 
650 0 |a God  |v Drama. 
650 0 |a Pen pals  |v Drama. 
655 7 |a Feature films.  |2 lcgft 
655 7 |a Video recordings for the hearing impaired.  |2 lcgft 
655 7 |a Religious films.  |2 lcgft 
655 7 |a Fiction films.  |2 lcgft 
700 1 |a Nixon, David,  |c Jr. 
700 1 |a Doughtie, Patrick. 
700 1 |a D'Alessandro, Art. 
700 1 |a Thrift, Sandra. 
700 1 |a Douglas, Cullen. 
700 1 |a Dawson, Cameron Kim. 
700 1 |a Waite, Ralph,  |d 1928-2014. 
700 1 |a Lively, Robyn,  |d 1972- 
700 1 |a Maguire, Tanner. 
700 1 |a Johnson, Jeffrey S.S. 
700 1 |a Cheatham, Maree. 
700 1 |a Bolten, Michael Christopher. 
700 1 |a Madison, Bailee,  |d 1999- 
710 2 |a Vivendi Entertainment (Firm) 
710 2 |a Possibility Pictures (Firm) 
710 2 |a DNP Studios (Frim) 
710 2 |a Vertical Innovations (Firm) 
938 |a Baker and Taylor  |b BTCP  |n BEBDPOSS2802 
994 |a C0  |b TXA 
948 |a cataloged  |b h  |c 2010/11/30  |d c  |e blrosas  |f 10:47:24 am 
999 |a MARS 
999 f f |s 3887334c-50e4-3b82-8959-f0d25dc3c80c  |i 9edbf494-bfae-3ab1-858c-3d607c857089  |t 0 
952 f f |p dvd  |a Texas A&M University  |b College Station  |c Sterling C. Evans Library  |d Evans: Media and Reserves (Annex 1st floor)  |t 0  |e PN1997.2 .L47 2010  |h Library of Congress classification  |i video -- videodisc  |m A14839467977 
998 f f |a PN1997.2 .L47 2010  |t 0  |l Evans: Media and Reserves (Annex 1st floor)